Vtoroje lico : p‘jesa v 1 dejstvii /

Hlavní autor: Solodar‘, Cezar‘ Samojlovič, 1909-1992
Jazyk: Ruština
Vydáno: Moskva : Iskusstvo, 1954
Fyzický popis: 29 s.
Knihy
Uloženo v:
LEADER 00603nam a22001932a 4500
001 001694650
003 CZ BrMZK
005 20190716124541.0
007 ta
008 190716s1954 ru er|||||||||||rus d
040 |a BOA001  |b cze  |e aacr2 
100 1 |a Solodar‘, Cezar‘ Samojlovič,  |d 1909-1992  |7 jx20051221011  |4 aut 
245 1 0 |a Vtoroje lico :  |b p‘jesa v 1 dejstvii /  |c C. Solodar‘ 
260 |a Moskva :  |b Iskusstvo,  |c 1954 
300 |a 29 s. 
910 |a BOA001  |b X-0326.297 
990 |a BK 
991 |b 201907 
996 7 |b 2618801192  |c X-0326.297  |l MZK  |r Sklad / do 24 hodin  |n 0  |w 001735667  |u 000010  |a 1  |e BOA001  |j MZK50  |s A